Central Library OPAC University of Rajshahi
Normal view MARC view

Entry Personal Name

Number of records used in: 1

001 - CONTROL NUMBER

  • control field: 485

003 - CONTROL NUMBER IDENTIFIER

  • control field: BD-RjUL

005 - DATE AND TIME OF LATEST TRANSACTION

  • control field: 20220103182127.0

008 - FIXED-LENGTH DATA ELEMENTS

  • fixed length control field: 220103|| aca||aabn | a|a d

040 ## - CATALOGING SOURCE

  • Original cataloging agency: BD-RjUL
  • Transcribing agency: BD-RjUL

100 ## - HEADING--PERSONAL NAME

  • Title of a work: Bangladesh -- History -- Revolution, 1971 -- Pictorial works.
  • Chronological subdivision:

670 ## - SOURCE DATA FOUND

  • Source citation: Work cat.: (BD-RjUL)79113: তাহের, আবু 479, বাংলাদেশের মুক্তিযুদ্ধভিত্তিক চিত্রকলা /, [২০১৮]